[Event "Thessaloniki White Tower op-A 2nd"]
[Site "Thessaloniki"]
[Date "2023.01.05"]
[Round "5"]
[White "Mihailidou, Magdalini"]
[Black "Kuru, Atilla"]
[Result "1/2-1/2"]
[WhiteElo "1859"]
[BlackElo "2054"]
[PlyCount "77"]
[EventDate "2023.01.02"]
[EventType "swiss"]
[EventRounds "9"]
[EventCountry "GRE"]
[SourceTitle "CBM 212 Extra"]
[Source "ChessBase"]
[SourceDate "2023.03.31"]
[SourceVersion "1"]
[SourceVersionDate "2023.03.31"]
[SourceQuality "1"]

1. e4 e6 2. d4 d5 3. e5 c5 4. c3 Qb6 5. Nf3 Nc6 6. Be2 cxd4 7. cxd4 Bd7 8. 0-0 Nge7 9. Nc3 Nf5 10. Na4 Qd8 11. b3 Be7 12. Bb2 0-0 13. Rc1 b6 14. a3 a5 15. Nc3 Na7 16. Bd3 g6 17. Rc2 b5 18. Bc1 b4 19. axb4 axb4 20. Ne2 Bb5 21. Bxf5 exf5 22. Re1 Qd7 23. Nf4 f6 24. exf6 Bxf6 25. Ne6 Rfe8 26. Rc7 Qd6 27. Bf4 Qb6 28. Nc5 Bc6 29. Qd2 Rxe1+ 30. Nxe1 Bd8 31. Qe2 Bb5 32. Qf3 Bxc7 33. Qxd5+ Kg7 34. Ne6+ Qxe6 35. Qxe6 Bxf4 36. Qe7+ Kg8 37. Qe6+ Kf8 38. Qf6+ Kg8 39. Qe6+ 1/2-1/2

[Event "GRE-chT 49th"]
[Site "Thessaloniki"]
[Date "2022.08.17"]
[Round "7.6"]
[White "Daulyte Cornette, Deimante"]
[Black "Mihailidou, Magdalini"]
[Result "1-0"]
[WhiteElo "2384"]
[BlackElo "1804"]
[PlyCount "145"]
[EventDate "2022.08.12"]
[EventType "team-swiss"]
[EventRounds "7"]
[EventCountry "GRE"]
[SourceTitle "CBM 209 Extra"]
[Source "ChessBase"]
[SourceDate "2022.09.30"]
[SourceVersion "1"]
[SourceVersionDate "2022.09.30"]
[SourceQuality "1"]
[WhiteTeam "Erakleioe"]
[BlackTeam "Pneemathlon"]
[WhiteTeamCountry "GRE"]
[BlackTeamCountry "GRE"]

1. e4 e5 2. Nf3 Nc6 3. Bb5 Nge7 4. Nc3 a6 5. Bc4 Ng6 6. h4 h6 7. h5 Nge7 8. d3 d6 9. a4 Bg4 10. Rh4 Qd7 11. Bxf7+ Kxf7 12. Rxg4 Qxg4 13. Ng5+ Qxg5 14. Bxg5 hxg5 15. Qf3+ Ke8 16. 0-0-0 Nd4 17. Qg4 g6 18. Rh1 Bg7 19. Rh3 gxh5 20. Rxh5 Rxh5 21. Qxh5+ Kd7 22. Qf7 Ne6 23. Nd5 Re8 24. a5 g4 25. Kb1 Bh8 26. c3 Nd8 27. Qh7 Ndc6 28. b4 Rf8 29. c4 Rxf2 30. b5 Bf6 31. bxc6+ bxc6 32. Nxf6+ Rxf6 33. Qh4 Rg6 34. Qf2 Ke6 35. Qa7 Rf6 36. Qxa6 Rf1+ 37. Kb2 Rf2+ 38. Ka3 Rxg2 39. Qa7 g3 40. Qe3 Kd7 41. a6 Nc8 42. a7 Nxa7 43. Qxa7 Rd2 44. Qe3 g2 45. Qh3+ Kd8 46. Qh8+ Kd7 47. Qg7+ Kc8 48. Kb4 Kb7 49. c5 d5 50. exd5 cxd5 51. Qg8 Ka7 52. Kb5 e4 53. Kc6 Rc2 54. Qg7 Ka8 55. Qa1+ Kb8 56. Qb1+ Kc8 57. Qb7+ Kd8 58. Qxc7+ Ke8 59. Kd6 Kf8 60. Ke6 Kg8 61. Qg3+ Kf8 62. Qg6 Rf2 63. c6 exd3 64. c7 Re2+ 65. Kd7 Re7+ 66. Kd6 Rxc7 67. Kxc7 d2 68. Qf6+ Kg8 69. Qd4 Kf7 70. Kd6 Kg6 71. Kxd5 Kf5 72. Qf2+ Kg4 73. Qxg2+ 1-0

[Event "Balkan-ch U18 Girls"]
[Site "Tornelo INT"]
[Date "2020.11.01"]
[Round "7"]
[White "Bucur, Denisa Andreea"]
[Black "Mihailidou, Magdalini"]
[Result "1-0"]
[WhiteElo "1751"]
[BlackElo "1521"]
[PlyCount "73"]
[EventDate "2020.10.31"]
[EventType "swiss"]
[EventRounds "7"]
[EventCountry "NET"]
[SourceTitle "EXT 2023"]
[Source "ChessBase"]
[SourceDate "2022.10.05"]
[SourceVersion "1"]
[SourceVersionDate "2022.10.05"]
[SourceQuality "1"]

1. d4 d5 2. Nf3 Nf6 3. c4 e6 4. Nc3 c6 5. e3 Nbd7 6. Bd3 dxc4 7. Bxc4 b5 8. Be2 a6 9. 0-0 Bd6 10. e4 e5 11. Bg5 Qc7 12. d5 Bb7 13. Rc1 c5 14. Qc2 0-0 15. Nh4 h6 16. Be3 Nb6 17. Nf5 c4 18. Nxd6 Qxd6 19. f4 Nbd7 20. a3 exf4 21. Rxf4 Rfe8 22. Rcf1 Re5 23. Bd4 Rg5 24. Qd2 Re8 25. Bd1 Ne5 26. Bc2 Ng6 27. Rxf6 gxf6 28. Rxf6 Qd8 29. Qf2 Rf8 30. Rb6 Nh4 31. g3 Qc7 32. Rxh6 Ng6 33. Kh1 f6 34. h4 Rxg3 35. e5 Kg7 36. Qxg3 Kxh6 37. Qxg6# 1-0